Process skills and Competency Tools: (Record no. 21350)

000 -LEADER
fixed length control field 00375nam a22001217a 4500
040 ## - CATALOGING SOURCE
Transcribing agency RUA
082 ## - DEWEY DECIMAL CLASSIFICATION NUMBER
Classification number MUR FEB 2016 C227 Or.
100 ## - MAIN ENTRY--AUTHOR NAME
Personal name Murari Suvedi and Michael Kaplowitz.
245 ## - TITLE STATEMENT
Title Process skills and Competency Tools:
Remainder of title What every extension worker should know-core competency handbook.
260 ## - PUBLICATION, DISTRIBUTION, ETC. (IMPRINT)
Place of publication phnom penh
Name of publisher rua
Year of publication 2016
300 ## - PHYSICAL DESCRIPTION
Number of Pages viii.173p
Other physical details ill.
942 ## - ADDED ENTRY ELEMENTS (KOHA)
Koha item type សៀវភៅភាសាអង់គ្លេស
952 ## - LOCATION AND ITEM INFORMATION (KOHA)
Withdrawn status [LOCAL, KOHA] 0
Holdings
Permanent Location Date acquired Koha item type Lost status Shelving location Barcode Current Location Full call number
Library Block C2023-05-17សៀវភៅភាសាអង់គ្លេស C227a071431Library Block CMUR FEB 2016 C227 Or.
មជ្ឈមណ្ឌលឯការនៃសាកលវិទ្យាល័យភូមិន្ទកសិកម្មចំការដូង

Powered by Koha